| 000 | 00646cam a2200217 a 4500 | ||
|---|---|---|---|
| 001 | 000018614 | ||
| 005 | 20200929165830.0 | ||
| 008 | 810310s1940 fr 000 0 fre d | ||
| 040 |
_aDO-SdBNP _bfre _cLC _dBNPHU |
||
| 082 |
_a841.914 _bC615a |
||
| 100 | 1 |
_aClaudel, Paul, _d1868-1955. _96174 |
|
| 245 | 1 | 2 |
_aL'annonce faite a Marie / _cPaul Claudel. |
| 260 |
_aParis : _bGallimard, _c1940. |
||
| 300 |
_a240 p. ; _c17 cm. |
||
| 490 | 1 |
_aLe Livre de Poche, _v980 |
|
| 650 | 4 |
_aPoesÃa francesa _94916 |
|
| 650 | 4 |
_aLiteratura francesa _91074 |
|
| 830 | 0 |
_aLe Livre de Poche, _v980 _939384 |
|
| 910 | _aCatalogación derivada / LC | ||
| 049 | _aBNGR | ||
| 999 |
_c18134 _d18134 |
||